[Event "EU Union-ch U12"]
[Site "Kouty nad Desnou"]
[Date "2023.08.17"]
[Round "2"]
[White "Prochazka, Michal"]
[Black "Ge, Charlene"]
[Result "0-1"]
[WhiteElo "1391"]
[BlackElo "1598"]
[PlyCount "32"]
[EventDate "2023.08.16"]
[EventType "swiss"]
[EventRounds "9"]
[EventCountry "CZE"]
[SourceTitle "EXT 2024"]
[Source "ChessBase"]
[SourceDate "2023.10.10"]
[SourceVersion "1"]
[SourceVersionDate "2023.10.10"]
[SourceQuality "1"]

1. e4 c5 2. Nf3 e6 3. d4 cxd4 4. Nxd4 Nf6 5. Nc3 Nc6 6. Bc4 Bb4 7. Bg5 Qa5 8. Nxc6 Bxc3+ 9. bxc3 Qxc3+ 10. Bd2 Qxc4 11. Nb4 Qxe4+ 12. Kf1 0-0 13. Nd3 b6 14. f3 Qd4 15. Qe1 Ba6 16. Be3 Bxd3+ 0-1

[Event "FRA-ch U12/16 Girls"]
[Site "Agen"]
[Date "2023.04.29"]
[Round "8"]
[White "Ge, Charlene"]
[Black "Chan, Laura"]
[Result "1-0"]
[WhiteElo "1496"]
[BlackElo "1244"]
[PlyCount "87"]
[EventDate "2023.04.23"]
[EventType "swiss"]
[EventRounds "9"]
[EventCountry "FRA"]
[SourceTitle "CBM 214 Extra"]
[Source "ChessBase"]
[SourceDate "2023.07.31"]
[SourceVersion "1"]
[SourceVersionDate "2023.07.31"]
[SourceQuality "1"]

1. e4 d5 2. exd5 Nf6 3. d4 Bg4 4. Be2 Bxe2 5. Nxe2 Qxd5 6. 0-0 Nc6 7. Be3 e6 8. Nd2 Be7 9. c4 Qh5 10. Nf4 Qf5 11. Qf3 0-0-0 12. Ne2 Qg6 13. a3 h5 14. b4 a6 15. Rfc1 Kb8 16. Rab1 Na7 17. d5 Rd6 18. Bxa7+ Kxa7 19. Qe3+ Kb8 20. b5 axb5 21. Rxb5 exd5 22. cxd5 Rc8 23. Qxe7 Rd7 24. Qb4 b6 25. Rb1 Nxd5 26. Qa4 Nc3 27. Nxc3 Rxd2 28. Qa6 Qf6 29. Ne4 Rcd8 30. Nxd2 Rxd2 31. Rxb6+ cxb6 32. Rxb6+ Qxb6 33. Qxb6+ Kc8 34. Qc5+ Kd7 35. Qxh5 Ke6 36. Qg4+ f5 37. Qg6+ Kd5 38. Qxf5+ Kc6 39. Qc8+ Kb5 40. Qb7+ Kc4 41. Qb4+ Kd3 42. Qxd2+ Kxd2 43. a4 Kc3 44. a5 1-0

[Event "FRA-ch U12/16 Girls"]
[Site "Agen"]
[Date "2023.04.28"]
[Round "7"]
[White "Neel, Laura"]
[Black "Ge, Charlene"]
[Result "0-1"]
[WhiteElo "1664"]
[BlackElo "1496"]
[PlyCount "100"]
[EventDate "2023.04.23"]
[EventType "swiss"]
[EventRounds "9"]
[EventCountry "FRA"]
[SourceTitle "CBM 214 Extra"]
[Source "ChessBase"]
[SourceDate "2023.07.31"]
[SourceVersion "1"]
[SourceVersionDate "2023.07.31"]
[SourceQuality "1"]

1. e4 c5 2. Nf3 e6 3. d4 cxd4 4. Qxd4 Nc6 5. Qe3 Nf6 6. Nc3 d5 7. exd5 Nxd5 8. Nxd5 Qxd5 9. Bd2 Bc5 10. Qf4 0-0 11. Bc4 Qd6 12. Qe4 a6 13. 0-0-0 Qe7 14. Ng5 f5 15. Qe1 Re8 16. f4 b5 17. Be2 Bd4 18. Bf3 Bb7 19. Bc3 Bxc3 20. Qxc3 Nb4 21. Qb3 Bxf3 22. Nxf3 Rac8 23. c3 Nd5 24. g3 b4 25. c4 Qc5 26. Ne5 Nb6 27. Kb1 Nxc4 28. Nd3 Qd4 29. Ka1 Na3 30. Nxb4 Qxb4 31. bxa3 Qc3+ 32. Qxc3 Rxc3 33. Kb2 Rec8 34. Rc1 Rxc1 35. Rxc1 Rxc1 36. Kxc1 Kf7 37. Kd2 e5 38. fxe5 Ke6 39. Kc3 Kxe5 40. Kc4 Ke4 41. Kc5 g5 42. Kb6 f4 43. Kxa6 f3 44. Kb6 f2 45. a4 f1Q 46. a5 Qf6+ 47. Kb7 Qe7+ 48. Kb6 Qd8+ 49. Ka6 Qb8 50. a4 Kd5 0-1